000 00329pab a2200145 454500
008 180718b1988 xxu||||| |||| 00| 0 eng d
100 _aKrishna Iyer, S.R.
245 _aBanking need for aggressive publicity
260 _c1988
300 _a29-30
362 _a20 Aug.
650 _aBanks
773 _aCommerce
909 _a4231
999 _c4231
_d4231